§ 109, nedovolené opuštění republiky, aneb, Cesta do ráje /

Hlavní autor: Skála, Bedřich, 1945-
Jazyk: Čeština
Vydáno: Praha : B. Skála, 1998
Vydání: 1. vyd.
Témata:
Fyzický popis: 200 s., [32] s. barevných obrazových a mapových příloh ; 20 cm
Knihy
Uloženo v:
LEADER 01341nam a2200373 a 4500
001 000310402
003 CZ BrMZK
005 20210210075456.0
007 ta
008 010907s1998 xr e 1acze d
020 |a 80-238-2302-7 
040 |a BOA001  |b cze 
043 |a e-xr--- 
045 |a x-y- 
072 7 |a 797  |x Vodní sporty. Letecké sporty  |2 Konspekt  |9 20 
080 |a 797.14.071.2  |2 MRF 
080 |a 797.14  |2 MRF 
080 |a 910.3/.4  |2 MRF 
080 |a (437.3)  |2 MRF 
080 |a (0:82-992)  |2 MRF 
100 1 |a Skála, Bedřich,  |d 1945-  |7 jn20000728617  |4 aut 
245 1 0 |a § 109, nedovolené opuštění republiky, aneb, Cesta do ráje /  |c Bedřich Skála 
250 |a 1. vyd. 
260 |a Praha :  |b B. Skála,  |c 1998 
300 |a 200 s., [32] s. barevných obrazových a mapových příloh ;  |c 20 cm 
600 1 7 |a Skála, Bedřich,  |d 1945-  |7 jn20000728617  |2 czenas 
648 7 |a 20.-21. století  |7 ch462155  |2 czenas 
650 0 7 |a jachtaři  |7 ph206846  |z Česko  |y 20.-21. století  |2 czenas 
650 0 7 |a jachting  |7 ph114810  |z Česko  |y 20.-21. století  |2 czenas 
650 0 7 |a mořeplavectví  |7 ph115370  |z Česko  |y 20.-21. století  |2 czenas 
655 7 |a cestopisy  |7 fd131956  |2 czenas 
910 |a BOA001  |b 2-1044.656 
990 |a BK 
996 6 |b 2610070147  |c 2-1044.656  |l MZK  |r Sklad / do 1 hodiny  |n 3  |p p.v.  |w 000310402  |u 000010  |a 1  |e BOA001  |j MZK50  |s P